000
00224nam a22000857a 4500
008
160714b xxu||||| |||| 00| 0 eng d
100
_9
2824
_a
Batra S
245
_a
Science-Physics
260
_a
New Delhi
_b
Holy Faith Publication
_c
2008
999
_c
2418
_d
2418